1710 1367 1847 1572 1018 1106 1027 1130 1170 1865 1955 1794 1737 1206 1609 1024 1656 1526 1813 1191 1623 1450 1962 1107 1117 1801 1518 1308 1650 1393 1863 1578 1811 1021 1200 1454 1510 1474 1485 1603 1553 1675 2000 1325 1498 1909 1136 1879 1590 1570 1112 1614 1930 1093 1669 1017 1101 1291 1675 1751 1334 1533 1145 1418 1310 1526 1013 1044 1227 1357 1836 1116 1066 1037 1023 1915 1447 1830 1858 1328 1236 1591 1994 1192 1774 1117 1925 1547 1641 1733 1373 1023 1093 1413 1100 1119 1595 1587 1346 BCNSPRNW ULIB Ver.6.0+V

เปลี่ยนเป็นภาษาไทย

Change to English
 แสดงรายละเอียดบรรณานุกรม
  กลับหน้าหลัก

Brief Record : Get Marc (ISO 2709) : E-mail record : QR code < ปิดหน้าต่าง
LEADER : 00000nam 2200000uu 4500
001    13399122775
003     ULIB
008    130919s2555||||th 000 0 tha d
020    ^a9789744753564
050  4 ^aBF637^bน672ส
100 0  ^aนิ้วกลม
245 10 ^aสิ่งที่ค้นพบระหว่างนั่งเฉยเฉย /^cนิ้วกลม
250    ^aพิมพ์ครั้งที่ 19
260    ^aกรุงเทพฯ :^bแพรวสำนักพิมพ์,^c2555
300    ^a211 หน้า :^bภาพประกอบ
650  7 ^aกวีนิพนธ์ไทย
945    ^p155^l0^i20229
999    ^aทศพร เกษรทอง
รายการนี้ยังไม่มีแท็ก
คุณยังไม่ได้ล็อกอิน คุณสามารถมีกิจกรรมร่วมกับเว็บไซต์ได้ แต่ต้องล็อกอินก่อน ::
  ล็อกอิน

รายการสื่อสารสนเทศ

ลำดับที่ ประเภท เลขเรียก/บาร์โค้ด สถานที่ สถานะ
1. การศึกษาทั่วไป
การศึกษาทั่วไป
BF637 น672ส ฉ.1 
  Barcode: 20229
ห้องสมุดวิทยาเขตนครสวรรค์
►หนังสือทั่วไป:l:General Books
บนชั้น

รายการใกล้เคียง
    ผู้แต่ง [นิ้วกลม]

    หัวเรื่อง [กวีนิพนธ์ไทย]

BibComment


ยังไม่เคยถูกคอมเมนท์

คอมเมนท์ทรัพยากรรายการนี้
  คอมเมนท์: สิ่งที่ค้นพบระหว..


 Copyright 2026. Bcnsprnw @Library